| 000 | 00640nam a2200205 i 4500 | ||
|---|---|---|---|
| 001 | 37092 | ||
| 003 | ES-MaACL | ||
| 007 | t| | ||
| 008 | 030220s1950 fr ||||1| fre d | ||
| 100 | 1 |
_aBrunner, Fernand. _932190 |
|
| 245 | 1 | 0 |
_aEtudes sur la signification historique de la philosophie de Leibniz / _cpar Fernand Brunner. |
| 260 |
_aParis : _bJ. Vrin, _c1950. |
||
| 300 |
_a325 p. ; _c26 cm. |
||
| 490 | 1 | _aBibliothèque d'histoire de la philosophie | |
| 500 | _aIndice. | ||
| 504 | _aBibliografía. | ||
| 830 | 0 |
_aBibliothèque d'histoire de la philosophie _9177275 |
|
| 852 |
_aES-MaACL _jG-1683 _bR.113825 |
||
| 999 |
_c37092 _d37092 |
||